00338nam a2200109Ia 4500008004100000020001800041100002300059245009100082250001100173260003000184300001400214180116s9999 xx 000 0 und d a9780729540728 aRozenberg, Gillian cGillian RozenbergaMicroscopic 3e Hematology :ba practical guide for the laboratory / a3rd ed aAustraliabElsevierc2011 a256 pages